000 01035cam a2200337 a 4500
999 _c5611
_d5611
001 615479
003 CaAEU
005 20220422073544.0
008 890425s1988 enka b 1 0 eng d
015 _aB8755842
020 _a0702011940 (pbk)
035 _aocm18781199
040 _aUk
_beng
_cALUPE UNIVERSITY
_dCaOONL
049 _aAEU
050 4 _aRT69
_b.P49 1988
082 0 _a612/.0024613
_219
090 0 _aRT 69 P578 1988
_bAEU
245 0 0 _aPhysiology for nursing practice /
_cedited by Susan M. Hinchliff, Susan E. Montague.
260 _aLondon :
_bBailliere Tindall,
_cc1988.
300 _axv, 680 p. :
_bill. ;
_c25 cm.
336 _atext
_btxt
_2rdacontent
337 _aunmediated
_bn
_2rdamedia
338 _avolume
_bnc
_2rdacarrier
504 _aIncludes bibliographies and index.
650 0 _aHuman physiology.
700 1 _aHinchliff, Susan M.
700 1 _aMontague, Susan E.
886 _a016
_d00
_a700=NOTNAL
_a700/1=NOTNAL
886 _a083
_d00
_aMan. Physiology
_b- For nursing
942 _2lcc
_cBK
_nAB